Dictionnaire international de fonderie
Enregistré dans:
| Auteur principal: | |
|---|---|
| Format: | Livre |
| Langue: | Undetermined |
| Publié: |
Paris
Dunod
1962
|
| Sujets: | |
| Tags: |
Ajouter un tag
Pas de tags, Soyez le premier à ajouter un tag!
|
| Thư viện lưu trữ: | Trung tâm Học liệu Trường Đại học Cần Thơ |
|---|
| LEADER | 00553nam a2200181Ia 4500 | ||
|---|---|---|---|
| 001 | CTU_26614 | ||
| 008 | 210402s9999 xx 000 0 und d | ||
| 082 | |a 671.2 | ||
| 082 | |b C734 | ||
| 100 | |a Commission Internationale du Dictionnaire de Fonderie | ||
| 245 | 0 | |a Dictionnaire international de fonderie | |
| 245 | 0 | |c Commission Internationale du Dictionnaire de Fonderie | |
| 260 | |a Paris | ||
| 260 | |b Dunod | ||
| 260 | |c 1962 | ||
| 650 | |a foundries,metal work | ||
| 904 | |i Minh, 981015 | ||
| 980 | |a Trung tâm Học liệu Trường Đại học Cần Thơ | ||